| 000 | 00586nam a2200217 i 4500 | ||
|---|---|---|---|
| 001 | 141556 | ||
| 003 | ES-MaACL | ||
| 007 | t| | ||
| 008 | 070925s1984 sp ||||1| spa d | ||
| 020 | _a84-85551-33-8 | ||
| 080 | _a84-14"19" | ||
| 100 | 1 |
_aVillena, Fernando de. _9115241 |
|
| 245 | 1 | 0 |
_aEn el orbe de un claro desengaño / _cFernando de Villena. |
| 250 | _a[1ª ed.]. | ||
| 260 |
_aGranada : _bAntonio Ubago, _c1984. |
||
| 300 |
_a63 p. ; _c20 cm. |
||
| 490 | 1 | _aAnade. 19 | |
| 830 | 0 |
_aAnade. 19 _9220420 |
|
| 852 |
_aES-MaACL _jL-8071 _bR.108817 |
||
| 999 |
_c141556 _d141556 |
||